Score 0/14 Timer 02:00
2 Plays Today
Question Answer Wrong Answers
Kilimanjaro Mountain
88.8%
River
4.5%
Zambezi River
81.8%
Mountain
11.1%
Volta River
76.9%
Mountain
16%
Limpopo River
70.6%
Mountain
22.5%
Toubkal Mountain
67.9%
River
25.3%
Senegal River
67.1%
Mountain
26%
Ubangi River
64.1%
Mountain
28.8%
Okavango River
62.2%
Mountain
30.7%
Bwahit Mountain
62.1%
River
31%
Kenya Mountain
60.5%
River
32.8%
Karisimbi Mountain
60.3%
River
33.2%
Mulanje Mountain
56.7%
River
36.4%
Vaal River
55.3%
Mountain
38%
Nyiragongo Mountain
45.2%
River
48%

Today's Daily Dose

Remove Ads.
Support Sporcle.
Get the best of Sporcle when you Go Orange. This ad-free experience offers more features, more stats, and more fun while also helping to support Sporcle. Thank you for becoming a member.

You're not logged in!

Compare scores with friends on all Sporcle quizzes.
OR
Log In

Show Comments

Extras

Top Quizzes Today


Score Distribution

Your Account Isn't Verified!

In order to create a playlist on Sporcle, you need to verify the email address you used during registration. Go to your Sporcle Settings to finish the process.

Report this User

Report this user for behavior that violates our Community Guidelines.

Details: